CATÁLOGO PÚBLICO DE LA BIBLIOTECA OSCAR VARSAVSKY

Informe de gestión gubernamental. (Registro nro. 7109)

Detalles MARC
000 -CABECERA
campo de control de longitud fija 00536nam a22001817a 4500
001 - NÚMERO DE CONTROL
campo de control T027600005977
008 - DATOS DE LONGITUD FIJA--INFORMACIÓN GENERAL
campo de control de longitud fija 181111b xve|||||r|||| 00| | esp d
099 ## - SIGNATURA TOPOGRÁFICA LOCAL
Número de clasificación IVP-D-02528
Cutter
100 ## - ENTRADA PRINCIPAL--NOMBRE DE PERSONA
Nombre de persona Gobernación del Estado Apure.
245 ## - MENCIÓN DE TÍTULO
Título Informe de gestión gubernamental.
260 ## - PUBLICACIÓN, DISTRIBUCIÓN, ETC. (PIE DE IMPRENTA)
Lugar de publicación, distribución, etc.
500 ## - NOTA GENERAL
Nota general Fotocopiado
650 ## - PUNTO DE ACCESO ADICIONAL DE MATERIA--TÉRMINO DE MATERIA
Término de materia o nombre geográfico como elemento inicial Gobierno Federal--Estado Apure--Informes y balances (1990-1992)--Venezuela.
650 ## - PUNTO DE ACCESO ADICIONAL DE MATERIA--TÉRMINO DE MATERIA
Término de materia o nombre geográfico como elemento inicial Venezuela
650 ## - PUNTO DE ACCESO ADICIONAL DE MATERIA--TÉRMINO DE MATERIA
Término de materia o nombre geográfico como elemento inicial Español
700 ## - PUNTO DE ACCESO ADICIONAL--NOMBRE DE PERSONA
Nombre de persona Instituto Venezolano de Planificación (IVEPLAN).
Término indicativo de función/relación
942 ## - ELEMENTOS DE PUNTO DE ACCESO ADICIONAL (KOHA)
Tipo de ítem Koha Libro
Existencias
Estado de retiro Estado de pérdida Estado dañado No para préstamo Código de colección Localización permanente Ubicación/localización actual Ubicación en estantería Fecha de adquisición Total de préstamos Signatura topográfica completa Código de barras Fecha visto por última vez Precio válido a partir de Tipo de ítem Koha
        IVP Oscar Varsavsky Oscar Varsavsky Caja N° 359 13.11.2018   IVP-D-02528 T027600005969 13.11.2018 13.11.2018 Documento